| 000 | 00782cam a2200265 a 4500 | ||
|---|---|---|---|
| 008 | |||
| 020 | _a8185617864 (pbk.) | ||
| 049 | 0 | 0 | _aMAIN |
| 090 | 0 | _aQL52 JUR | |
| 100 | 1 | _aJurd, R. D. | |
| 245 | 1 | 0 |
_aInstant notes in animal biology / _cRichard D. Jurd. |
| 246 | 3 | 0 | _aAnimal biology |
| 260 |
_aNew Delhi, : _bViva Books, _c1998. |
||
| 300 |
_ax, 294 p. : _bill. ; _c25 cm. |
||
| 440 | 4 | _aThe instant notes series | |
| 504 | _aIncludes bibliographical references. | ||
| 500 | _aIncludes index. | ||
| 650 | 0 |
_aZoology _xOutlines, syllabi, etc. |
|
| 650 | 0 |
_aPhysiology _xOutlines, syllabi, etc. |
|
| 907 |
_a.b10210040 _b09-08-06 _c09-08-06 |
||
| 003 | |||
| 005 | 20230123134234.0 | ||
| 040 | _cNUST | ||
| 942 |
_cBOOKS _kQL52 JUR |
||
| 999 |
_c162446 _d162446 |
||